Speech and Language Development and Intervention / In Down Syndrome and Fragile X Syndrome (Record no. 3204)
[ view plain ]
| 000 -LEADER | |
|---|---|
| fixed length control field | 01746cam a22002174a 4500 |
| 005 - ΗΜΕΡΟΜΗΝΙΑ ΚΑΙ ΩΡΑ ΤΕΛΕΥΤΑΙΑΣ ΕΝΗΜΕΡΩΣΗΣ | |
| Πεδίο ελέγχου | 20250605164108.0 |
| 008 - FIXED-LENGTH DATA ELEMENTS--GENERAL INFORMATION | |
| Πεδίο ελέγχου σταθερού μήκους | 250528s ||||||||||||||||||||||||d |
| 035 ## - SYSTEM CONTROL NUMBER | |
| System control number | 17804 |
| 020 ## - ISBN | |
| ISBN | 9781557668745 |
| 040 ## - ΠΗΓΗ ΚΑΤΑΛΟΓΟΓΡΑΦΗΣΗΣ | |
| Φορέας πρωτότυπης καταλογογράφησης | MC Athens Campus Library |
| Γλώσσα καταλογογράφησης | Ελληνικά, Μοντέρνα (1453-) |
| Modifying agency | MC Athens Campus Library |
| Κανόνες περιγραφικής καταλογογράφησης | AACR2 |
| 245 1# - ΤΙΤΛΟΣ ΚΑΙ ΔΗΛΩΣΗ ΥΠΕΥΘΥΝΟΤΗΤΑΣ | |
| Τίτλος | Speech and Language Development and Intervention / In Down Syndrome and Fragile X Syndrome |
| 260 ## - PUBLICATION, DISTRIBUTION, ETC. | |
| Name of publisher, distributor, etc. | Paul H. Brookes Publishing Co, |
| Date of publication, distribution, etc. | 2008 |
| 300 ## - PHYSICAL DESCRIPTION | |
| Extent | 306 |
| 520 ## - SUMMARY, ETC. | |
| Summary, etc. | This book clarifies the distinct speech and language issues associated with each disorder and helps readers conduct individualized assessment and intervention. Foreword, Preface, Acknowledgements, Identification and Development in Down Syndrome and Fragile X Syndrome, Etiology and Diagnosis and Development in Down Syndrome, Etiology and Diagnosis and Development in X Syndrome, Speech and Language Profiles in Down Syndrome and Fragile X Syndrome: Assessment and Intervention Implications, Communication and Language Development in Infants and Toddlers with Down Syndrome or Fragile X Syndrome, Language and Preschool and School-Age Children with Down Syndrome and Fragile X Syndrome, Language Profiles of Adolescents and Young Adults with Down Syndrome and Fragile X Syndrome, Phonological Characteristics of Children with Down Syndrome and Fragile X Syndrome, Interventions for Individuals with Down Syndrome and Fragile X Syndrome, Language Intervention to Encourage Complex Language Use: A Clinical Perspective, Increasing Speech Intelligibility in Down Syndrome and Fragile X Syndrome, Professional Organizations, Index. |
| 700 1# - ΠΡΟΣΘΕΤΗ ΑΝΑΓΡΑΦΗ--ΦΥΣΙΚΟ ΠΡΟΣΩΠΟ | |
| Personal name | Chapman Robin S |
| 9 (RLIN) | 4062 |
| 700 1# - ΠΡΟΣΘΕΤΗ ΑΝΑΓΡΑΦΗ--ΦΥΣΙΚΟ ΠΡΟΣΩΠΟ | |
| Personal name | Roberts Joanne E |
| 9 (RLIN) | 4063 |
| 700 1# - ΠΡΟΣΘΕΤΗ ΑΝΑΓΡΑΦΗ--ΦΥΣΙΚΟ ΠΡΟΣΩΠΟ | |
| Personal name | Warren Steven F |
| 9 (RLIN) | 4064 |
| 942 ## - ADDED ENTRY ELEMENTS (KOHA) | |
| Koha item type | Books |
| Τύπος τεκμηρίου | Βιβλιοθήκη | Τρέχουσα τοποθεσία | Barcode | Αριθμός εισαγωγής | Ημερομηνία απόκτησης | Ταξιθετικό σύμβολο | Αριθμός αντιτύπου | Κατάσταση απόσυρσης | Κατάσταση χαμένου | Κατάσταση κατεστραμμένου | Μη δανεισμός | Σύνολο δανεισμών | Ημερομηνία τελευταίας εμφάνισης | Η τιμή ισχύει από |
|---|---|---|---|---|---|---|---|---|---|---|---|---|---|---|
| Books | MC Athens Campus Library | MC Athens Campus Library | 9780000032034 | 7202 | 05/06/2025 | 618.92/85506 ROB | 1 | 05/06/2025 | 05/06/2025 |